この画像にいる人(第5回ソルベー会議編) - Statistics

General Stats
  • This quiz has been taken 21 times
  • The average score is 5 of 29
Answer Stats
Picture Answer % Correct
アルベルト・アインシュタイン
94%
マリ・キュリー
75%
ニールス・ボーア
50%
エルヴィン・シュレーディンガー
50%
ヴェルナー・ハイゼンベルク
44%
マックス・プランク
38%
ヘンドリック・ローレンツ
25%
ローレンス・ブラッグ
19%
アーサー・コンプトン
19%
アーヴィング・ラングミュア
13%
ポール・ディラック
13%
マックス・ボルン
13%
ヴォルフガング・パウリ
13%
ピーター・デバイ
6%
ルイ・ド・ブロイ
6%
ポール・ランジュバン
0%
シャルル=ウジェーヌ・ギュイ
0%
チャールズ・ウィルソン
0%
オーエン・リチャードソン
0%
マルティン・クヌーセン
0%
ヘンリク・アンソニー・クラマース
0%
オーギュスト・ピカール
0%
エミール・アンリオ
0%
ポール・エーレンフェスト
0%
エドゥアール・ヘルツェン
0%
テオフィル・ド・ドンデ
0%
ジュール・エミール・フェルシャフェルト
0%
ラルフ・ファウラー
0%
レオン・ブリルアン
0%
No matching quizzes found
Score Distribution
Percent of People with Each Score
Percentile by Number Answered
Your Score History
You have not taken this quiz